Relation between laboratory and Space plasmas (Record no. 6921)

MARC details
000 -LEADER
fixed length control field 00920nam a2200205Ia 4500
003 - CONTROL NUMBER IDENTIFIER
control field IN-BaIIA
008 - FIXED-LENGTH DATA ELEMENTS--GENERAL INFORMATION
fixed length control field 211028s9999 xx 000 0 eng d
020 ## - INTERNATIONAL STANDARD BOOK NUMBER
International Standard Book Number 90-277-1248-4
040 ## - CATALOGING SOURCE
Transcribing agency IIA Library
080 ## - UNIVERSAL DECIMAL CLASSIFICATION NUMBER
Universal Decimal Classification number 52(082.1)
Item number ASS-84
111 ## - MAIN ENTRY--MEETING NAME
Meeting name or jurisdiction name as entry element International Workshop on Relation Between Laboratory and Space Plasmas
Location of meeting Tokyo
Date of meeting or treaty signing 1980 Apr. 14-15
9 (RLIN) 11858
245 #0 - TITLE STATEMENT
Title Relation between laboratory and Space plasmas
Remainder of title proceedings of the international workshop on relation between laboratory and Space plasmas, held in Gakushi-Kaikan (University Alumni Association) Tokyo, Japan, April 14–15, 1980
Statement of responsibility, etc. edited by Hiroshi Kikuchi
260 ## - PUBLICATION, DISTRIBUTION, ETC.
Place of publication, distribution, etc. Dodrecht
Name of publisher, distributor, etc. D. Reidel Publishing
Date of publication, distribution, etc. 1981
300 ## - PHYSICAL DESCRIPTION
Extent [various pagings.]
650 ## - SUBJECT ADDED ENTRY--TOPICAL TERM
Topical term or geographic name entry element Astronomy and Astrophysics thesaurus
650 ## - SUBJECT ADDED ENTRY--TOPICAL TERM
Topical term or geographic name entry element Plasma Physics
9 (RLIN) 3732
650 ## - SUBJECT ADDED ENTRY--TOPICAL TERM
Topical term or geographic name entry element Space science
700 ## - ADDED ENTRY--PERSONAL NAME
Personal name Kikuchi, Hiroshi., ed.
9 (RLIN) 11859
942 ## - ADDED ENTRY ELEMENTS (KOHA)
Koha item type Books
Holdings
Withdrawn status Lost status Damaged status Not for loan Home library Current library Shelving location Date acquired Total Checkouts Full call number Barcode Date last seen Price effective from Koha item type
        IIA Library-Bangalore IIA Library-Bangalore General Stacks 03/11/1981   52(082.1)/ ASS-84 7695 05/11/2021 03/11/1981 Books

Powered by Koha